| 000 | 01035cam a22003137a 4500 | ||
|---|---|---|---|
| 003 | CHAP | ||
| 005 | 20220329142609.0 | ||
| 008 | 020319d1993 mx a r 00110 spa d | ||
| 010 | _a85483 | ||
| 011 | _a86455 | ||
| 020 | _a9701500121 | ||
| 035 | _a96993 | ||
| 040 | _cCHAP | ||
| 090 | _aFolleto 16242 | ||
| 110 | 1 | 0 |
_aOficina Internacional del Trabajo _982806 |
| 245 | 1 | 0 |
_aGuía sobre seguridad y salud en el uso de productos agroquímicos _c/por Oficina Internacional del Trabajo |
| 260 |
_aMéxico, D.F. : _bAlfaomega, _c1993. |
||
| 300 |
_a89 p. : _bilus. |
||
| 590 |
_aBATCH-UPD _b10 _c20130110 _lUCH01 _h1201 |
||
| 590 |
_aBATCH-UPD _b10 _c20130410 _lUCH01 _h0744 |
||
| 590 |
_aBATCH-UPD _b10 _c20130914 _lUCH01 _h1911 |
||
| 590 |
_aCONVERSION _b10 _c20130109 _lUCH01 _h1347 |
||
| 650 | 1 | 4 |
_aPesticidas _xMedidas de Seguridad. _987564 |
| 650 | 1 | 4 |
_aProductos químicos _xMedidas de seguridad. _992224 |
| 901 | _aBK | ||
| 905 | _aMayto Villalobos S. | ||
| 942 | _cFOLL | ||
| 949 |
_aFolleto 16242 _bBC _cFOLL _d969931 _eTS1 _i96993 _sb |
||
| 999 |
_c85483 _d85483 |
||